| 000 | 00372nam a2200145Ia 4500 | ||
|---|---|---|---|
| 008 | 231129s2017||||xx |||||||||||||| ||spa|| | ||
| 020 | _a978-84-261-4226-9 | ||
| 040 | _bspa | ||
| 082 | _a823 T781m | ||
| 100 | _aTravers P. L. | ||
| 245 | 0 | _aMary Poppins | |
| 260 | _c2017 | ||
| 264 | _aBarcelona EspaƱa : Juventud | ||
| 942 |
_2ddc _cBKS |
||
| 999 |
_c20709 _d20709 |
||